Wigett: (Registro nro. 30648)

Detalles MARC
000 -LEADER
fixed length control field 00286nam a22000977a 4500
008 - FIXED-LENGTH DATA ELEMENTS--GENERAL INFORMATION
fixed length control field 240220b |||||||| |||| 00| 0 eng d
082 ## - DEWEY DECIMAL CLASSIFICATION NUMBER
Classification number DG
Item number VEGW
100 10 - MAIN ENTRY--PERSONAL NAME
Personal name de Luque Batuecas, Samuel
Relator term autor
9 (RLIN) 43459
245 ## - TITLE STATEMENT
Title Wigett:
Remainder of title y el mundo de trotuman /
Statement of responsibility, etc. Samuel de Luque Batuecas
942 ## - ADDED ENTRY ELEMENTS (KOHA)
Source of classification or shelving scheme Dewey Decimal Classification
Existencias
Withdrawn status Lost status Source of classification or shelving scheme Damaged status Not for loan Home library Current library Shelving location Date acquired Total Checkouts Full call number Barcode Date last seen Date last checked out Copy number Price effective from Koha item type Public note
    Dewey Decimal Classification     Biblored Biblioteca Pública José María del Castillo y Rada Fiction 02/16/2024 2 DG VEGW 00000014106297 04/15/2024 04/15/2024 Ej.1 02/20/2024 Books Material Interbibliotecario BibloRed